000 01115nam a22003617a 4500
001 000055754
003 CHAP
005 20220329140616.0
008 971013s1969 r 00010 d
010 _a54691
011 _a55663
035 _a59815
040 _cCHAP
082 0 _a001.539
_bW5 1969
100 0 0 _aWilson, Thomas D.
_9122238
245 1 0 _aDissemination of information :
_ban examinaition guidebook.
250 _a2 ed.
260 _aHamden, Conn. :
_bArchon Books,
_c1969.
300 _a86 p.
590 _aBATCH-UPD
_b10
_c20130110
_lUCH01
_h0651
590 _aBATCH-UPD
_b10
_c20130110
_lUCH01
_h2339
590 _aBATCH-UPD
_b10
_c20130410
_lUCH01
_h0336
590 _aBATCH-UPD
_b10
_c20130914
_lUCH01
_h1205
590 _aCONVERSION
_b10
_c20130109
_lUCH01
_h1329
590 _aE5995AHE
_b05
_c20150731
_lUCH01
_h1016
590 _aE5995AHE
_b05
_c20150731
_lUCH01
_h1024
650 1 4 _aDiseminación selectiva de información.
_932725
700 0 _aStephenson, James.
_9109679
901 _aBK
942 _cLIBRO
942 _n0
949 _a001.539 W5 1969
_bBC
_cB
_d-129199
_eB
_h72248
_i59815
_si
999 _c54691
_d54691